000 00716nam a2200241 a 4500
001 BRCA_6835
005 20190320205618.0
008 081111s2011----mx-a######---#000-0#spa-#
020 _a9786074801729
041 _aspa
044 _amx
050 4 _aF1226
_b.M46 2011
100 1 _aMentz, Joachim von
_917045
245 1 0 _aMéxico-Tacuba
_bautobiografía de una dama de alcurnia
_cJoachim von Mentz.
260 _aMéxico
_bEdiciones B México
_c2011
300 _a297 p.
_bil.
_c23 cm.
440 0 _aSin límites
_917046
500 _aLibro donado por el autor
504 _aBibliografía: p. 293-297
651 4 _aMéxico
_xHistoria
_9614
651 4 _aMéxico
_xVida social y costumbres
_9769
942 _2lcc
_cB
999 _c6518
_d6518